1280 1763 1473 1515 1031 1938 1792 1742 1181 1799 1410 1677 1738 1626 1464 1448 1118 1473 1237 1332 1156 1179 1100 1586 1752 1216 1258 1236 1497 1950 1642 1706 1609 1351 1168 1115 1952 1272 1215 1334 1243 1128 1443 1497 1227 1902 1845 1629 1788 1300 1662 1280 1710 1666 1410 1893 1551 1153 1386 1935 1097 1482 1444 1395 1090 1187 1111 1365 1018 1747 1031 1081 1661 1577 1887 1661 1348 1926 1254 1024 1016 1096 1679 1949 1492 1126 1336 1106 1443 1044 1195 1313 1850 1337 1559 1448 1573 1703 1005 BCNSPRNW ULIB Ver.6.0+V

เปลี่ยนเป็นภาษาไทย

Change to English
 แสดงรายละเอียดบรรณานุกรม
  กลับหน้าหลัก

Brief Record : Get Marc (ISO 2709) : E-mail record : QR code < ปิดหน้าต่าง
LEADER : 00000nam 2200000uu 4500
001    13399113573
003     ULIB
008    020711s2549 th a 000 0 tha d
020    ^a97897438967
090    ^aนว.ช229ก 2549
100    ^aชลลดา ชะบางบอน
245    ^aแก้วหน้าม้า (ฉบับการ์ตูน)/^cชลลดา ชะบางบอน
250    ^aพิมพ์ครั้งที่ 1
260    ^aปทุมธานี :^bสกายบุคส์,^c2549
300    ^a178 หน้า
945    ^p0^l0^i018634
995    ทศพร
999 ^a ทศพร
รายการนี้ยังไม่มีแท็ก
คุณยังไม่ได้ล็อกอิน คุณสามารถมีกิจกรรมร่วมกับเว็บไซต์ได้ แต่ต้องล็อกอินก่อน ::
  ล็อกอิน

รายการสื่อสารสนเทศ

ลำดับที่ ประเภท เลขเรียก/บาร์โค้ด สถานที่ สถานะ
1. นวนิยาย
นวนิยาย
นว.ช229ก 2549 ฉ.1 
  Barcode: 018634
ห้องสมุดวิทยาเขตสวรรค์ประชารักษ์
►นวนิยาย
บนชั้น
  ขอยืม

BibComment


ยังไม่เคยถูกคอมเมนท์

คอมเมนท์ทรัพยากรรายการนี้
  คอมเมนท์: แก้วหน้าม้า ฉบับ..


 Copyright 2026. Bcnsprnw @Library